000 00915nam a2200253 i 4500
001 181311
003 ES-MaACL
005 20250928145305.0
008 121207s2004 sp | |||| ||spa d
020 _a84-96025-81-0
080 _a929 Orellana, Pedro de
080 _a272(460.283 C.)"15"
100 1 _aJiménez Monteserín, Miguel.
_966566
245 1 0 _aLiteratura y cautiverio
_b: el maestro Fray Pedro de Orellana en la Inquisición de Cuenca /
_cMiguel Jiménez Monteserín.
260 _aCuenca :
_bDiputación Provincial de Cuenca,
_c[2004]
300 _a278 p. ;
_c20 cm.
490 1 _aColección Atalaya ;
_vn. 8
600 1 7 _aOrellana, Pedro de,
_d1496-1561
_2
_9151932
650 0 4 _aInquisición-
_zCuenca.
_913797
830 0 _aColección Atalaya ;
_vn. 8
_9191431
852 _aES-MaACL
_jA-12362
_9188195
_bR.146796
_cDEPO1
_dOlim: N-5367
942 _2udc
_cMONOGRAFIA
999 _c181311
_d181311